Subdivision capitals closest to Ungheni (MD) - Statistics

General Stats
  • This quiz has been taken 9 times
  • The average score is 11 of 21
Answer Stats
Distance (km) Answer % Correct
15 82 Chișinău
100%
7 61 Bâlți
67%
4 40 Călărași (MD)
67%
3 40 Fălești
67%
9 65 Glodeni
67%
14 82 Ialoveni
67%
1 17 Iași
67%
2 33 Nisporeni
67%
8 63 Strășeni
67%
10 65 Vaslui
67%
19 99 Bacău
33%
20 100 Cocieri
33%
17 90 Drochia
33%
16 84 Florești
33%
11 75 Hîncești
33%
18 90 Leova
33%
12 80 Orhei
33%
13 81 Rîșcani
33%
5 52 Sîngerei
33%
20 100 Șoldănești
33%
6 53 Telenești
33%
No matching quizzes found
Score Distribution
Percent of People with Each Score
Percentile by Number Answered
Your Score History
You have not taken this quiz